Salma's Top 50 Anime Characters 2023 - Statistics

General Stats
  • This quiz has been taken 28 times
  • The average score is 17 of 50
Answer Stats
Answer % Correct
Shingeki no Kyojin Eren
82%
Shingeki no Kyojin Levi
77%
One Punch Man Saitama
77%
Dragonball Vegeta
77%
Fairy Tail Natsu
73%
Demon Slayer Nezuko
68%
Shingeki no Kyojin Armin
59%
One Punch Man Genos
59%
Dragonball Gohan
59%
Top 10 Inosuke
59%
Top 10 Itadori
59%
Tokyo Ghoul Kaneki
55%
Fairy Tail Lucy
55%
Demon Slayer Zenitsu
55%
Fairy Tail Gray
50%
Dororo Dororo
45%
Jujutsu Kaisen Maki
45%
Top 10 Megumi
45%
Magi Sinbad
41%
Magi Aladdin
36%
Top 10 Alibaba
36%
Fairy Tail Happy
32%
Dragonball Android 17
27%
Naruto Orochimaru
27%
Demon Slayer Shinobu
27%
Scissor Seven Xiao Fei
27%
Scissor Seven Dai Bo
23%
Magi Morgiana
23%
Jujutsu Kaisen Todou
23%
Hunter x Hunter Biscuit
18%
Link Click Cheng
18%
Inazuma Eleven Fubuki
18%
Jujutsu Kaisen Gojou
18%
Danshi Kokousei no Nichijou Hidenori
18%
Top 10 Hyakkimaru
18%
Top 10 Seven
18%
Scissor Seven Thirteen
18%
Fairy Tail Acnologia
14%
Inazuma Eleven Endou
14%
Inazuma Eleven Gouenji
14%
Magi Judar
14%
Inazuma Eleven Kidou
14%
Fairy Tail Lily
14%
Top 10 Mob
14%
Top 10 Reigan
14%
Top 10 Senku
14%
Inazuma Eleven GO Taiyou
14%
Inazuma Eleven GO Tenma
14%
Inazuma Eleven GO Tsurugi
14%
Top 10 Yumeko
9%
No matching quizzes found
Score Distribution
Percent of People with Each Score
Percentile by Number Answered
Your Score History
You have not taken this quiz